<?xml version="1.0" encoding="UTF-8"?>
<record
    xmlns:xsi="http://www.w3.org/2001/XMLSchema-instance"
    xsi:schemaLocation="http://www.loc.gov/MARC21/slim http://www.loc.gov/standards/marcxml/schema/MARC21slim.xsd"
    xmlns="http://www.loc.gov/MARC21/slim">

  <leader>01261nam a2200361uu 4500</leader>
  <controlfield tag="001">966109</controlfield>
  <controlfield tag="005">20260506160049.0</controlfield>
  <controlfield tag="008">060307nuuuuuuuu                    eng  </controlfield>
  <datafield tag="020" ind1=" " ind2=" ">
    <subfield code="a">0471140562</subfield>
  </datafield>
  <datafield tag="035" ind1=" " ind2=" ">
    <subfield code="a">966109</subfield>
  </datafield>
  <datafield tag="035" ind1=" " ind2=" ">
    <subfield code="a">(OCoLC)318225075</subfield>
  </datafield>
  <datafield tag="040" ind1=" " ind2=" ">
    <subfield code="c">comduadb</subfield>
  </datafield>
  <datafield tag="041" ind1=" " ind2=" ">
    <subfield code="a">eng</subfield>
  </datafield>
  <datafield tag="080" ind1=" " ind2=" ">
    <subfield code="a">D</subfield>
  </datafield>
  <datafield tag="100" ind1="1" ind2="0">
    <subfield code="a">Parker, James R.</subfield>
    <subfield code="4">aut</subfield>
    <subfield code="e">aut</subfield>
    <subfield code="9">414063</subfield>
  </datafield>
  <datafield tag="245" ind1="1" ind2="0">
    <subfield code="a">Algorithms for image processing and computer vision</subfield>
  </datafield>
  <datafield tag="260" ind1=" " ind2=" ">
    <subfield code="a">Estados Unidos :</subfield>
    <subfield code="b">Wiley.</subfield>
  </datafield>
  <datafield tag="300" ind1=" " ind2=" ">
    <subfield code="a">417 p&#xE1;ginas :</subfield>
    <subfield code="b">il.</subfield>
  </datafield>
  <datafield tag="500" ind1=" " ind2=" ">
    <subfield code="a">El material presenta deterioro por humedad.</subfield>
  </datafield>
  <datafield tag="500" ind1=" " ind2=" ">
    <subfield code="a">Este material fue comprado pr el profesor Andr&#xE9;s Mar&#xED;n; Grupo Spicosos.</subfield>
  </datafield>
  <datafield tag="650" ind1=" " ind2=" ">
    <subfield code="a">Procesamiento de im&#xE1;genes - T&#xE9;cnicas digitales</subfield>
    <subfield code="9">65683</subfield>
  </datafield>
  <datafield tag="650" ind1=" " ind2=" ">
    <subfield code="a">Im&#xE1;genes digitales</subfield>
    <subfield code="9">178046</subfield>
  </datafield>
  <datafield tag="650" ind1=" " ind2="7">
    <subfield code="a">Algoritmos</subfield>
    <subfield code="2">lemb</subfield>
    <subfield code="9">2325</subfield>
  </datafield>
  <datafield tag="650" ind1=" " ind2="7">
    <subfield code="a">Algoritmos (Computadores)</subfield>
    <subfield code="2">lemb</subfield>
    <subfield code="9">173839</subfield>
  </datafield>
  <datafield tag="650" ind1=" " ind2=" ">
    <subfield code="a">Calidad de im&#xE1;gen</subfield>
    <subfield code="9">68815</subfield>
  </datafield>
  <datafield tag="650" ind1=" " ind2=" ">
    <subfield code="a">Im&#xE1;genes en tercera dimensi&#xF3;n</subfield>
    <subfield code="9">174981</subfield>
  </datafield>
  <datafield tag="650" ind1=" " ind2=" ">
    <subfield code="a">Im&#xE1;genes virtuales</subfield>
    <subfield code="9">3814</subfield>
  </datafield>
  <datafield tag="650" ind1=" " ind2=" ">
    <subfield code="a">Procesamiento de im&#xE1;genes</subfield>
    <subfield code="9">47807</subfield>
  </datafield>
  <datafield tag="650" ind1=" " ind2=" ">
    <subfield code="a">Procesamiento de im&#xE1;genes asistidas por computador</subfield>
    <subfield code="9">60228</subfield>
  </datafield>
  <datafield tag="650" ind1=" " ind2=" ">
    <subfield code="a">Procesamiento digital de im&#xE1;genes</subfield>
    <subfield code="9">51105</subfield>
  </datafield>
  <datafield tag="650" ind1=" " ind2=" ">
    <subfield code="a">Tratamiento digital de im&#xE1;genes</subfield>
    <subfield code="9">72448</subfield>
  </datafield>
  <datafield tag="942" ind1=" " ind2=" ">
    <subfield code="c">BOOK</subfield>
  </datafield>
  <datafield tag="999" ind1=" " ind2=" ">
    <subfield code="c">377130</subfield>
    <subfield code="d">377130</subfield>
  </datafield>
  <datafield tag="952" ind1=" " ind2=" ">
    <subfield code="0">0</subfield>
    <subfield code="1">0</subfield>
    <subfield code="4">0</subfield>
    <subfield code="7">0</subfield>
    <subfield code="8">GENERAL</subfield>
    <subfield code="a">CENDI</subfield>
    <subfield code="b">CENDI</subfield>
    <subfield code="d">2009-03-04</subfield>
    <subfield code="i">C1036595</subfield>
    <subfield code="l">1</subfield>
    <subfield code="o">D 00738</subfield>
    <subfield code="p">0627090</subfield>
    <subfield code="r">2025-01-29 00:00:00</subfield>
    <subfield code="s">2023-08-25</subfield>
    <subfield code="t">1</subfield>
    <subfield code="w">2023-04-26</subfield>
    <subfield code="y">BOOK</subfield>
  </datafield>
</record>
